000 00536nam a2200169 i 4500
001 42054
003 ES-MaACL
005 20230906160535.0
007 t|
008 030312s1957 sp ||||1| spa d
100 1 _aCastán Vázquez, José María.
_936393
245 1 3 _aLa participación de la madre en la patria potestad /
_cJosé María Castán Vázquez.
260 _aMadrid :
_b[Revista de Derecho Privado,
_c1957] (
_fImp. Más)
300 _a135 p. ;
_c19 cm.
650 4 _aPatria potestad.
_9136668
852 _aES-MaACL
_jC-13379
999 _c42054
_d42054